Human physiology / (Record no. 1614)
[ view plain ]
| 000 -LEADER | |
|---|---|
| fixed length control field | 00521nam a2200181 4500 |
| 001 - CONTROL NUMBER | |
| control field | 2065 |
| 005 - DATE AND TIME OF LATEST TRANSACTION | |
| control field | 20181127164507.0 |
| 008 - FIXED-LENGTH DATA ELEMENTS--GENERAL INFORMATION | |
| fixed length control field | 950920s1996 iaua b 001 0 eng |
| 010 ## - LIBRARY OF CONGRESS CONTROL NUMBER | |
| LC control number | 94079651 |
| 020 ## - INTERNATIONAL STANDARD BOOK NUMBER | |
| International Standard Book Number | 0697209857 |
| 100 1# - MAIN ENTRY--PERSONAL NAME | |
| Personal name | Fox, Stuart Ira. |
| 245 10 - TITLE STATEMENT | |
| Title | Human physiology / |
| Statement of responsibility, etc. | Stuart Ira Fox. |
| 250 ## - EDITION STATEMENT | |
| Edition statement | 5th ed. |
| 260 ## - PUBLICATION, DISTRIBUTION, ETC. | |
| Place of publication, distribution, etc. | Dubuque, IA : |
| Name of publisher, distributor, etc. | Wm. C. Brown, |
| Date of publication, distribution, etc. | c1996. |
| 300 ## - PHYSICAL DESCRIPTION | |
| Extent | xx, 704 p. : |
| Other physical details | ill. (some col.) ; |
| Dimensions | 29 cm. |
| 504 ## - BIBLIOGRAPHY, ETC. NOTE | |
| Bibliography, etc. note | Includes bibliographical references and index. |
| 650 #0 - SUBJECT ADDED ENTRY--TOPICAL TERM | |
| Topical term or geographic name entry element | Human physiology. |
| Withdrawn status | Lost status | Source of classification or shelving scheme | Damaged status | Not for loan | Collection code | Home library | Current library | Shelving location | Date acquired | Serial Enumeration / chronology | Inventory number | Total Checkouts | Total Renewals | Full call number | Barcode | Date last seen | Date last checked out | Price effective from | Koha item type |
|---|---|---|---|---|---|---|---|---|---|---|---|---|---|---|---|---|---|---|---|
| Dewey Decimal Classification | Main TEST | RTC Library | RTC Library | Main opac | 11/08/2021 | 1003 | 5 | 6 | 612 FOX | 30003230 | 05/12/2024 | 09/10/2024 | 27/11/2018 | Main |